An Introduction to Engineering Surveying (Record no. 50815)

000 -LEADER
fixed length control field 00362nam a2200145Ia 4500
008 - FIXED-LENGTH DATA ELEMENTS--GENERAL INFORMATION
fixed length control field 260319s9999 xx 000 0 und d
020 ## - INTERNATIONAL STANDARD BOOK NUMBER
International Standard Book Number 9.789385999e+012
082 ## - DEWEY DECIMAL CLASSIFICATION NUMBER
Classification number 526.9
Item number LAN/A
100 ## - MAIN ENTRY--PERSONAL NAME
Personal name Landman,Koos
245 #3 - TITLE STATEMENT
Title An Introduction to Engineering Surveying
250 ## - EDITION STATEMENT
Edition statement 1st Ed.
260 ## - PUBLICATION, DISTRIBUTION, ETC.
Place of publication, distribution, etc. New Delhi
Name of publisher, distributor, etc. Medtech
Date of publication, distribution, etc. 2017
300 ## - PHYSICAL DESCRIPTION
Extent 248p.
942 ## - ADDED ENTRY ELEMENTS (KOHA)
Koha item type Book
Holdings
Withdrawn status Lost status Damaged status Not for loan Collection code Permanent Location Current Location Date acquired Cost, normal purchase price Full call number Barcode Date last seen Price effective from Koha item type
        School of Data Science (Noida) MUIT-NOIDA MUIT-NOIDA 2026-03-19 395.00 526.9 LAN/A DSC00861 2026-03-19 2026-03-19 Book

All Rights Reserved@MUIT

Powered by Koha